PLAMAGAM: resumen ejecutivo /
Zapisane w:
| organizacja autorów: | , |
|---|---|
| Format: | Texto |
| Wydane: |
San José:
Instituto Costarricense de Acueductos y Alcantarillados. MIDEPLAN
|
| Etykiety: |
Dodaj etykietę
Nie ma etykietki, Dołącz pierwszą etykiete!
|
MARC
| LEADER | 00000 a a2200000 04500 | ||
|---|---|---|---|
| 001 | 21234 | ||
| 003 | |||
| 040 | |||
| 090 | |a 092700 | ||
| 110 | |a Costa Rica. Ministerio de Planificación Nacional y Política Económica | ||
| 245 | |a PLAMAGAM: resumen ejecutivo / |c Costa Rica. Ministerio de Planificación Nacional y Política Económica | ||
| 260 | |a San José: |b Instituto Costarricense de Acueductos y Alcantarillados. MIDEPLAN | ||
| 300 | |a 68 p.; v. 1 | ||
| 710 | |a Instituto Costarricense de Acueductos y Alcantarillados |a MIDEPLAN | ||
| 999 | |c 16819 |d 16819 | ||
